Language of inequality

Uloženo v:
Podrobná bibliografie
Hlavní autoři: Wolfson, Nessa (Autor), Manes, Joan (Autor)
Médium: Kniha
Jazyk:angličtina
Vydáno: Berlín Mouton 1985
Edice:Contributions to the Sociology of Language, 36
Témata:
Tagy: Přidat tag
Žádné tagy, Buďte první, kdo vytvoří štítek k tomuto záznamu!

MARC

LEADER 00000nam a2200000 a 4500
001 UCH0432
003 CL-VaPUC
008 090312e19850000GW |||||||||||||||||eng|d
020 |a 3110099470 
082 0 4 |a 306.44  |b WOL  |2 21 
100 0 |a Wolfson, Nessa  |e author  |9 534622 
700 0 |a Manes, Joan  |e author  |9 534623 
245 1 0 |a Language of inequality 
300 |a 407 p 
942 |c BK 
945 |d 20090312 00:00:00  |a rbrito 
260 |a Berlín  |b Mouton  |c 1985 
650 0 |a Sociolingüística  |9 263716 
583 |a last modification  |c 20130105 01:51:49  |k Rodrigo Vera 
490 0 |a Contributions to the Sociology of Language, 36 
999 |c 332754  |d 332752 
952 |0 0  |1 0  |4 0  |6 306_440000000000000_WOL_1985  |7 0  |8 A  |9 420653  |a FDOPOS  |b FDOPOS  |d 2019-11-22  |i 4517229  |o 306.44 WOL 1985  |p 4517229  |r 2025-01-22  |w 2019-11-22  |y BK  |k MLA